Name a French City A-Z - Statistics

General Stats
  • This quiz has been taken 207 times
  • The average score is 10 of 14
Answer Stats
Letter City % Correct
P Paris | Perpignan
96%
L Lyon | Lille | Le Havre | Le Mans | Limoges
90%
M Marseille | Montpellier | Metz | Montreuil | Mulhouse
88%
N Nice | Nantes | Nîmes | Nancy
85%
B Bordeaux | Brest | Boulogne-Billancourt | Besançon
84%
T Toulouse | Toulon | Tours
84%
R Rennes | Reims | Rouen
71%
S Strasbourg | Saint Etienne | Saint Denis
71%
A Angers | Aix-en-Provence | Amiens | Annecy | Argenteuil
60%
D Dijon
59%
G Grenoble
56%
O Orléans
54%
C Clermont-Ferrand | Caen
52%
V Villeurbanne
18%
No matching quizzes found
Score Distribution
Percent of People with Each Score
Percentile by Number Answered
Your Score History
You have not taken this quiz